Statistics for James Bond Soundtrack Artists

Click here to take the quiz!

General Stats

  • This quiz has been taken 71 times
  • The average score is 14 of 24

Answer Stats

YearMovieSongArtist% Correct
2012SkyfallSkyfallAdele
92%
1973Live and Let DieLive and Let DiePaul McCartney & Wings
80%
1979MoonrakerMoonrakerShirley Bassey
80%
1964GoldfingerGoldfingerShirley Bassey
80%
1971Diamonds Are ForeverDiamonds Are ForeverShirley Bassey
80%
1985A View to a KillA View to a KillDuran Duran
76%
2002Die Another DayDie Another DayMadonna
71%
1995GoldeneyeGoldeneyeTina Turner
68%
1987The Living DaylightsThe Living DaylightsA-ha
66%
1981For Your Eyes OnlyFor Your Eyes OnlySheena Easton
64%
2015SpectreWriting's on the WallSam Smith
63%
1965ThunderballThunderballTom Jones
63%
1977The Spy Who Loved MeNobody Does it BetterCarly Simon
61%
1969On Her Majesty's Secret ServiceWe Have All the Time in the WorldLouis Armstrong
54%
1974The Man with the Golden GunThe Man with the Golden GunLulu
53%
2008Quantum of SolaceAnother Way to DieJack White & Alicia Keys
49%
1967You Only Live TwiceYou Only Live TwiceNancy Sinatra
47%
1999The World Is Not EnoughThe World Is Not EnoughGarbage
46%
1962Dr. NoJames Bond ThemeJohn Barry
46%
1963From Russia with LoveJames Bond Is BackJohn Barry
46%
1997Tomorrow Never DiesTomorrow Never DiesSheryl Crow
44%
2006Casino RoyalYou Know My NameChriss Cornell
42%
1989Licence to KillLicence to KillGladys Knight
37%
1983OctopussyAll Time HighRita Coolidge
37%

Score Distribution

Percentile by Number Answered

Percent of People with Each Score

Your Score History

You have not taken this quiz